South / (Record no. 6025)

MARC details
000 -LEADER
fixed length control field 00781nam a22002537a 4500
001 - CONTROL NUMBER
control field 6025
003 - CONTROL NUMBER IDENTIFIER
control field FISKH
005 - DATE AND TIME OF LATEST TRANSACTION
control field 20250224092118.0
008 - FIXED-LENGTH DATA ELEMENTS--GENERAL INFORMATION
fixed length control field 250224b cb ||||| |||| 00| 0 eng d
040 ## - CATALOGING SOURCE
Original cataloging agency FISKH
Language of cataloging eng
Transcribing agency FISKH
Modifying agency FISKH
050 ## - LIBRARY OF CONGRESS CALL NUMBER
Classification number PZ7.M1554 S
082 ## - DEWEY DECIMAL CLASSIFICATION NUMBER
Classification number 303
100 ## - MAIN ENTRY--PERSONAL NAME
Personal name McDonnell, Patrick
245 ## - TITLE STATEMENT
Title South /
Statement of responsibility, etc. Patrick McDonnell
260 ## - PUBLICATION, DISTRIBUTION, ETC.
Place of publication, distribution, etc. New York :
Name of publisher, distributor, etc. Little, Brown and Company,
Date of publication, distribution, etc. 2008.
300 ## - PHYSICAL DESCRIPTION
Extent 44 unnumbered pages :
Other physical details illustrations ;
Dimensions 18 x 21 cm
505 ## - FORMATTED CONTENTS NOTE
Formatted contents note C<br/>
520 ## - SUMMARY, ETC.
Summary, etc. Mooch the cat helps a lonely bird find its flock, which has flown south for the winter.
521 8# - TARGET AUDIENCE NOTE
Target audience note 100<br/>
Source Lexile estimate<br/>
521 8# - TARGET AUDIENCE NOTE
Target audience note C<br/>
Source Raz-Plus<br/>
650 ## - SUBJECT ADDED ENTRY--TOPICAL TERM
Topical term or geographic name entry element Books Without Words
Form subdivision Anthropomorphic Animals
942 ## - ADDED ENTRY ELEMENTS (KOHA)
Source of classification or shelving scheme Dewey Decimal Classification
Koha item type Books
Suppress in OPAC No
Holdings
Withdrawn status Lost status Source of classification or shelving scheme Damaged status Not for loan Collection Home library Current library Shelving location Date acquired Total Checkouts Full call number Barcode Date last seen Price effective from Koha item type
    Dewey Decimal Classification     Juvenile Fiction Footprints International School Library Network Toul Kork Campus Footprints International School Library Network Toul Kork Campus TK Primary Library Room(4th Floor), Bookcase 7, Shelves 57-60, Dark Green Books 02/24/2025   MCD 303 PZ7.M1554 S FISBK00497 02/24/2025 02/24/2025 Books